[Event "Arco op 45th"]
[Site "Arco"]
[Date "2023.10.15"]
[Round "9"]
[White "Bangerter, Ena"]
[Black "Fontanesi, Riccardo"]
[Result "1/2-1/2"]
[WhiteElo "1440"]
[BlackElo "1807"]
[PlyCount "39"]
[EventDate "2023.10.07"]
[EventType "swiss"]
[EventRounds "9"]
[EventCountry "ITA"]
[SourceTitle "Mega2024 Update 01"]
[Source "Chessbase"]
[SourceDate "2023.11.12"]
[SourceVersion "1"]
[SourceVersionDate "2023.11.12"]
[SourceQuality "1"]

1. d4 c5 2. c3 e6 3. Nf3 Nc6 4. e3 d5 5. Bd3 Nf6 6. Nbd2 cxd4 7. exd4 Bd6 8. 0-0 0-0 9. Re1 Qc7 10. Qe2 Re8 11. Ne5 Bxe5 12. dxe5 Nd7 13. Nf3 Nf8 14. Ng5 h6 15. Nh3 Ng6 16. Bxg6 fxg6 17. Nf4 Qf7 18. h4 Bd7 19. Qg4 Ne7 20. Re3 1/2-1/2

[Event "EU Union-ch U14 19th"]
[Site "Mureck"]
[Date "2022.08.07"]
[Round "5"]
[White "Ortiz Bogdanov, Pablo"]
[Black "Bangerter, Ena"]
[Result "1/2-1/2"]
[WhiteElo "1302"]
[BlackElo "1505"]
[PlyCount "112"]
[EventDate "2022.08.03"]
[EventType "swiss"]
[EventRounds "9"]
[EventCountry "AUT"]
[SourceTitle "EXT 2023"]
[Source "ChessBase"]
[SourceDate "2022.10.05"]
[SourceVersion "1"]
[SourceVersionDate "2022.10.05"]
[SourceQuality "1"]

1. e4 e5 2. Bc4 Nf6 3. Nc3 Nc6 4. d3 Na5 5. Bb3 Nxb3 6. axb3 Bb4 7. Bd2 d6 8. h3 Be6 9. Nge2 Nd7 10. 0-0 Bxc3 11. bxc3 0-0 12. d4 d5 13. exd5 Bxd5 14. c4 Be4 15. d5 Bg6 16. Nc3 a6 17. f4 exf4 18. Bxf4 Nc5 19. b4 Ne4 20. Nxe4 Bxe4 21. c3 Qd7 22. Qd4 f5 23. Rad1 Rad8 24. Bg5 Rde8 25. c5 Qf7 26. Bf4 Qg6 27. Qf2 Rf6 28. Bxc7 Qf7 29. d6 Qd7 30. Rde1 Bd3 31. Rxe8+ Qxe8 32. Rd1 Bb5 33. Re1 Re6 34. Rxe6 Qxe6 35. Qd2 Bd7 36. Kf2 Kf7 37. Qg5 Qf6 38. Qxf6+ Kxf6 39. Bd8+ Ke5 40. Bg5 Kd5 41. Be3 Kc4 42. Bd4 g6 43. Ke3 Kd5 44. Kf4 Be8 45. Kg5 h5 46. g4 hxg4 47. hxg4 fxg4 48. Kxg4 Ke6 49. Kg5 Kf7 50. Kf4 Ke6 51. Kg5 Kf7 52. Bf6 Bd7 53. Bd4 Be8 54. Kf4 Ke6 55. Ke3 Kf5 56. c4 g5 1/2-1/2

[Event "EU Union-ch U12"]
[Site "Kouty nad Desnou"]
[Date "2021.08.17"]
[Round "4.7"]
[White "Berkova, Agata"]
[Black "Bangerter, Ena"]
[Result "0-1"]
[WhiteElo "1086"]
[BlackElo "1462"]
[PlyCount "148"]
[EventDate "2021.08.14"]
[EventType "swiss"]
[EventRounds "9"]
[EventCountry "CZE"]
[SourceTitle "EXT 2022"]
[Source "ChessBase"]
[SourceDate "2021.10.06"]
[SourceVersion "1"]
[SourceVersionDate "2021.10.06"]
[SourceQuality "1"]

1. c4 e6 2. Nc3 d5 3. e4 dxe4 4. Nxe4 Nf6 5. Nxf6+ Qxf6 6. Nf3 Bd6 7. d4 c5 8. Be3 cxd4 9. Qxd4 Bb4+ 10. Kd1 Qxd4+ 11. Bxd4 0-0 12. Bd3 Rd8 13. Kc2 Nc6 14. Be3 Be7 15. a3 b6 16. b4 Bb7 17. Be4 Nxb4+ 18. axb4 Bxe4+ 19. Kb3 Rd3+ 20. Ka4 Bxf3 21. gxf3 Rad8 22. c5 bxc5 23. bxc5 Rc3 24. Rac1 Rdd3 25. Rxc3 Rxc3 26. Kb5 Kf8 27. Kc6 a5 28. Rc1 Rb3 29. Kd7 Rd3+ 30. Kc7 a4 31. c6 a3 32. Kb7 Rb3+ 33. Ka6 a2 34. Bd4 Rb1 35. Rc4 a1Q+ 36. Bxa1 Rxa1+ 37. Kb5 Rb1+ 38. Ka6 Bd6 39. Rc5 Bxc5 40. c7 Rb6+ 41. Ka7 Rc6+ 42. Kb7 Rxc7+ 43. Kxc7 Bxf2 44. Kd6 h5 45. Ke5 g5 46. Kf6 g4 47. fxg4 hxg4 48. Kg5 g3 49. hxg3 Bxg3 50. Kg4 Bd6 51. Kf3 f5 52. Ke3 f4+ 53. Kf3 e5 54. Ke4 Kf7 55. Kf3 Kf6 56. Ke4 Kg5 57. Kf3 e4+ 58. Kxe4 Kg4 59. Kd3 Kg3 60. Ke2 Kg2 61. Kd3 f3 62. Kd4 f2 63. Kd5 f1Q 64. Kxd6 Qf5 65. Kc6 Qe5 66. Kb6 Qd5 67. Ka6 Qb3 68. Ka5 Kf3 69. Ka6 Qb4 70. Ka7 Qb5 71. Ka8 Ke4 72. Ka7 Kd5 73. Ka8 Kc6 74. Ka7 Qb7# 0-1

[Event "EU Union-ch U12"]
[Site "Kouty nad Desnou"]
[Date "2021.08.14"]
[Round "1.2"]
[White "Bangerter, Ena"]
[Black "Zelba, Lukas"]
[Result "1-0"]
[WhiteElo "1462"]
[BlackElo "1982"]
[PlyCount "57"]
[EventDate "2021.08.14"]
[EventType "swiss"]
[EventRounds "9"]
[EventCountry "CZE"]
[SourceTitle "EXT 2022"]
[Source "ChessBase"]
[SourceDate "2021.10.06"]
[SourceVersion "1"]
[SourceVersionDate "2021.10.06"]
[SourceQuality "1"]

1. e4 e6 2. d4 d5 3. e5 c5 4. c3 Nc6 5. Nf3 Qb6 6. Be2 Bd7 7. Be3 cxd4 8. cxd4 Qxb2 9. Nbd2 Qb6 10. 0-0 Nge7 11. Bd3 Ng6 12. Qe2 Be7 13. g3 a6 14. Rab1 Qa7 15. Rfc1 0-0 16. h4 Rfc8 17. h5 Nf8 18. h6 g6 19. Nb3 Nb4 20. Rxc8 Rxc8 21. Rc1 Rxc1+ 22. Bxc1 Nxd3 23. Qxd3 b6 24. Bg5 Bb5 25. Qe3 Bc4 26. Qf4 a5 27. Qh4 Bb4 28. Be3 a4 29. Qf6 1-0

[Event "EU-ch Online U12 Girls"]
[Site "Tornelo INT"]
[Date "2020.09.18"]
[Round "1"]
[White "Bangerter, Ena"]
[Black "Papadopoulou, Marilena"]
[Result "0-1"]
[WhiteElo "1459"]
[BlackElo "1142"]
[PlyCount "76"]
[EventDate "2020.09.18"]
[EventType "swiss (rapid)"]
[EventRounds "9"]
[EventCountry "NET"]
[SourceTitle "EXT 2023"]
[Source "ChessBase"]
[SourceDate "2022.10.05"]
[SourceVersion "1"]
[SourceVersionDate "2022.10.05"]
[SourceQuality "1"]
[WhiteTeam "Schweiz"]
[BlackTeam "Greece"]
[WhiteTeamCountry "SUI"]
[BlackTeamCountry "GRE"]

1. e4 e5 2. Nf3 Nc6 3. Bc4 Nf6 4. d3 Be7 5. Nc3 d6 6. h3 0-0 7. Be3 Na5 8. Bb3 c5 9. a3 Nxb3 10. cxb3 Qb6 11. 0-0 Be6 12. b4 Nd7 13. Rc1 a5 14. Na4 Qc7 15. Qc2 b5 16. Nc3 Rfb8 17. Ne2 f5 18. bxc5 fxe4 19. dxe4 dxc5 20. Rfd1 c4 21. Ng5 Bxg5 22. Bxg5 Nc5 23. f3 Nd3 24. Rxd3 Qb6+ 25. Re3 h6 26. Bxh6 gxh6 27. Kf2 Rd8 28. Rd1 Rxd1 29. Qxd1 Rd8 30. Qc1 Rd3 31. Ng3 Qd4 32. Ke2 b4 33. Nf5 Bxf5 34. exf5 Qf4 35. Re4 Qxc1 36. Rg4+ Kf7 37. Rg6 Qc2+ 38. Kf1 Rd1# 0-1

[Event "EU Union-ch U12"]
[Site "Kouty nad Desnou"]
[Date "2020.08.17"]
[Round "4"]
[White "Bangerter, Ena"]
[Black "Cinkova, Vicky"]
[Result "0-1"]
[WhiteElo "1514"]
[BlackElo "1256"]
[PlyCount "182"]
[EventDate "2020.08.14"]
[EventType "swiss"]
[EventRounds "9"]
[EventCountry "CZE"]
[SourceTitle "EXT 2021"]
[Source "ChessBase"]
[SourceDate "2020.10.23"]
[SourceVersion "1"]
[SourceVersionDate "2020.10.23"]
[SourceQuality "1"]

1. e4 c5 2. Nf3 Nc6 3. d4 cxd4 4. Nxd4 g6 5. c4 Bg7 6. Be3 Nf6 7. Nc3 0-0 8. Be2 d6 9. 0-0 Bd7 10. f3 Nxd4 11. Bxd4 Bc6 12. Nd5 Nd7 13. Rc1 Bxd4+ 14. Qxd4 Bxd5 15. exd5 Nc5 16. b4 Nd7 17. Rfe1 Qb6 18. Qxb6 Nxb6 19. Bd3 Rfe8 20. f4 Rac8 21. g4 Rc7 22. f5 Rec8 23. fxg6 hxg6 24. a3 Kf8 25. Rc2 Nxd5 26. cxd5 Rxc2 27. Bxc2 Rxc2 28. Re3 Ke8 29. Rh3 Rd2 30. Rh8+ Kd7 31. Rb8 Kc7 32. Re8 Re2 33. Rf8 f6 34. Rf7 Re5 35. Kf2 Kd7 36. Rf8 Rxd5 37. Rb8 Kc7 38. Re8 Kd7 39. Rb8 b6 40. Rb7+ Ke6 41. Rxa7 Rd2+ 42. Kg1 Rd4 43. h3 Rd3 44. Kg2 Re3 45. Ra6 b5 46. h4 Kd5 47. h5 gxh5 48. gxh5 Re5 49. Ra5 Kc4 50. Ra7 Kb3 51. h6 Rh5 52. Rxe7 Rxh6 53. Re3+ Ka4 54. Rd3 Rg6+ 55. Kf2 Rh6 56. Kg2 f5 57. Kf2 Rh2+ 58. Kf1 Ra2 59. Rxd6 Rxa3 60. Rf6 Kxb4 61. Rxf5 Rc3 62. Ke2 Ka4 63. Rf4+ b4 64. Kd2 Rc8 65. Rf1 b3 66. Ra1+ Kb4 67. Ra7 b2 68. Rb7+ Ka3 69. Ra7+ Kb3 70. Rb7+ Ka2 71. Ra7+ Kb1 72. Rb7 Ra8 73. Kc3 Ra2 74. Kb3 Ra8 75. Re7 Rb8+ 76. Kc3 Rc8+ 77. Kb3 Rc6 78. Re8 Rb6+ 79. Kc3 Ra6 80. Re2 Ka1 81. Rxb2 Rc6+ 82. Kb3 Rb6+ 83. Ka3 Rxb2 84. Ka4 Kb1 85. Ka5 Kc2 86. Ka6 Kc3 87. Ka7 Kc4 88. Ka8 Kc5 89. Ka7 Kc6 90. Ka8 Kc7 91. Ka7 Ra2# 0-1